[Event "4NCL Online Division 3"]
[Site "online"]
[Date "2022.01.25"]
[EventDate "2022.01.25"]
[Round "1.42"]
[White "Bainbridge, Bryan J"]
[WhiteElo "1543"]
[WhiteTeam "Bishop Trojans"]
[Black "Karthisamy, Prathik"]
[BlackElo "1437"]
[BlackTeam "Uxbridge C"]
[Result "1-0"]
[PlyCount "43"]

1. e4 e6 2. d4 a6 3. Nc3 b5 4. a3 Bb7 5. b4 h6 6. g3 Be7 7. Bg2 Nf6 8. f3 O-O 9. Nge2 Kh8 10. O-O d5 11. e5 Ng8 12. f4 Nd7 13. Bb2 Nb6 14. Rb1 Nc4 15. Qd3 c6 16. Bc1 a5 17. f5 axb4 18. axb4 Na3 19. Bxa3 Rxa3 20. fxe6 fxe6 21. Nf4 Bc8 22. Ng6+ 1-0

[Event "4NCL Online Division 3"]
[Site "online"]
[Date "2022.01.25"]
[EventDate "2022.01.25"]
[Round "1.43"]
[White "Hasan, Abu"]
[WhiteElo "1413"]
[WhiteTeam "Uxbridge C"]
[Black "Berry, Robert"]
[BlackElo "1499"]
[BlackTeam "Bishop Trojans"]
[Result "0-1"]
[PlyCount "138"]

1. e4 e5 2. d4 exd4 3. c3 dxc3 4. Bc4 Qf6 5. Nxc3 Bc5 6. Nf3 c6 7. e5 Qg6 8. Nh4 d5 9. Nxg6 hxg6 10. Bxd5 cxd5 11. Qxd5 Bb6 12. Be3 Ne7 13. Qf3 Bc7 14. Bd4 Nbc6 15. O-O-O a6 16. Nd5 Nxd5 17. Qxd5 Be6 18. Qf3 O-O-O 19. Qc3 Ba5 20. Qa3 Bb4 21. Qa4 Be7 22. Bb6 Rxd1+ 23. Rxd1 Nxe5 24. f4 Nc4 25. Qc2 Kb8 26. Qf2 Rc8 27. Kb1 Bf6 28. Bd4 Bf5+ 29. Ka1 Rd8 30. Ba7+ Ka8 31. Rxd8+ Bxd8 32. Qd4 Be6 33. Bc5 Bf6 34. Qf2 Bxb2+ 35. Qxb2 Nxb2 36. Kxb2 Kb8 37. a3 Kc8 38. Kc3 Kd7 39. Bf8 Bd5 40. g3 Ke6 41. Bxg7 Kf5 42. Kd4 Bg2 43. Bh8 Kg4 44. Ke3 Kh3 45. Be5 Kxh2 46. g4 Kh3 47. g5 Kg4 48. Kd4 b5 49. Ke3 Kf5 50. Ba1 a5 51. Bf6 b4 52. axb4 axb4 53. Bb2 b3 54. Bc3 Bd5 55. Bb2 Ke6 56. Bc3 Kd6 57. Bb2 Kc6 58. Kd4 Be6 59. Ke5 Kb5 60. Bd4 Kc4 61. Ba1 Kd3 62. Bb2 Kc2 63. Bd4 b2 64. Bxb2 Kxb2 65. Kd6 Kc3 66. Ke7 Kd4 67. Kf6 Ke4 68. Kg7 Kxf4 69. Kf6 Bc4 0-1

[Event "4NCL Online Division 3"]
[Site "online"]
[Date "2022.01.25"]
[EventDate "2022.01.25"]
[Round "1.44"]
[White "Siddle, Michael"]
[WhiteElo "1432"]
[WhiteTeam "Bishop Trojans"]
[Black "Aggarwal, Jai"]
[BlackElo "1405"]
[BlackTeam "Uxbridge C"]
[Result "0-1"]
[PlyCount "150"]

1. c4 e5 2. g3 Nf6 3. Bg2 c6 4. Nc3 Bb4 5. a3 Bxc3 6. bxc3 d5 7. cxd5 cxd5 8. d4 e4 9. Nh3 h6 10. O-O Nc6 11. e3 Bg4 12. Qb3 Qd7 13. Nf4 g5 14. Nxd5 Qxd5 15. Qxd5 Nxd5 16. Bd2 f5 17. c4 Nf6 18. d5 Ne7 19. f3 exf3 20. Bxf3 Bh3 21. Rfe1 Rc8 22. Rac1 Kf7 23. Bb4 Ng6 24. d6 Ne5 25. Bxb7 Rb8 26. Bh1 Nd3 27. d7 Nxe1 28. Rxe1 Nxd7 29. Bd5+ Kg6 30. e4 f4 31. gxf4 gxf4 32. e5 Rhe8 33. e6 Rb6 34. e7 Nf6 35. Bf3 Kf7 36. c5 Re6 37. Rxe6 Kxe6 38. c6 Rxe7 39. Bxe7 Kxe7 40. Kf2 Bg4 41. Bxg4 Nxg4+ 42. Kf3 Nxh2+ 43. Kxf4 Kd6 44. Kg3 Nf1+ 45. Kh4 Kxc6 46. Kh5 Kc5 47. Kxh6 Kc4 48. Kg5 a5 49. Kf4 Kb3 50. Ke4 Kxa3 51. Kd3 Kb3 52. Ke2 Ng3+ 53. Kd1 Kb2 54. Kd2 a4 55. Kd1 a3 56. Kd2 a2 57. Ke1 Ne4 58. Kd1 a1=Q+ 59. Ke2 Nc3+ 60. Kd2 Qc1+ 61. Kd3 Kb3 62. Kd4 Qc2 63. Ke3 Kc4 64. Kf4 Qd3 65. Ke5 Kc5 66. Ke6 Qd4 67. Kf7 Qe5 68. Kg6 Kd6 69. Kf7 Kd7 70. Kf8 Qf6+ 71. Kg8 Nd5 72. Kh7 Kd8 73. Kg8 Ne7+ 74. Kh7 Qg6+ 75. Kh8 Qg8# 0-1

[Event "4NCL Online Division 3"]
[Site "online"]
[Date "2022.01.25"]
[EventDate "2022.01.25"]
[Round "1.51"]
[White "Pope, Martin"]
[WhiteElo "1658"]
[WhiteTeam "Cornish Pirates"]
[Black "Bentley, John L"]
[BlackElo "2146"]
[BlackTeam "Ashton"]
[Result "0-1"]
[PlyCount "46"]

1. Nf3 g6 2. d4 Bg7 3. c4 Nf6 4. g3 O-O 5. Bg2 d6 6. O-O Nc6 7. Nc3 a6 8. e3 Rb8 9. d5 Na5 10. Nd2 b5 11. cxb5 axb5 12. Rb1 b4 13. Ne2 c6 14. dxc6 d5 15. e4 Nxc6 16. exd5 Nxd5 17. Nb3 e6 18. Nf4 Nce7 19. Re1 Bb7 20. Qe2 Qb6 21. Nxd5 Nxd5 22. Bxd5 Bxd5 23. Be3 Qb5 0-1

[Event "4NCL Online Division 3"]
[Site "online"]
[Date "2022.01.25"]
[EventDate "2022.01.25"]
[Round "1.52"]
[White "McBeath, Joel"]
[WhiteElo "1718"]
[WhiteTeam "Ashton"]
[Black "Jones, Bryan"]
[BlackElo "1552"]
[BlackTeam "Cornish Pirates"]
[Result "1-0"]
[PlyCount "75"]

1. e4 e6 2. d4 d5 3. Nd2 dxe4 4. Nxe4 Nd7 5. Nf3 Ngf6 6. Nxf6+ Nxf6 7. c3 c5 8. Ne5 cxd4 9. Bb5+ Bd7 10. Nxd7 Nxd7 11. Qxd4 a6 12. Be2 Nf6 13. Be3 Qxd4 14. Bxd4 Be7 15. Bf3 O-O 16. O-O-O Nd5 17. Bxd5 exd5 18. Bb6 Bg5+ 19. Kc2 Rfe8 20. Rxd5 Bf6 21. Rhd1 Re2+ 22. R1d2 Rae8 23. Be3 Rxd2+ 24. Kxd2 Rd8 25. Rxd8+ Bxd8 26. Kd3 b5 27. Kd4 Be7 28. Kd5 b4 29. Bc5 Bxc5 30. Kxc5 bxc3 31. bxc3 Kf8 32. Kb6 Ke7 33. c4 Kd7 34. Kb7 Kd6 35. Kb6 Kd7 36. c5 Kc8 37. Kxa6 Kc7 38. Kb5 1-0

[Event "4NCL Online Division 3"]
[Site "online"]
[Date "2022.01.25"]
[EventDate "2022.01.25"]
[Round "1.53"]
[White "Brough, Christopher"]
[WhiteElo "1550"]
[WhiteTeam "Cornish Pirates"]
[Black "Acharya, Kandara"]
[BlackElo "1604"]
[BlackTeam "Ashton"]
[Result "0-1"]
[PlyCount "116"]

1. e4 c5 2. Nf3 g6 3. d4 cxd4 4. Nxd4 Nc6 5. Nc3 Bg7 6. Nb3 Nf6 7. Bd3 O-O 8. Be3 d5 9. exd5 Nxd5 10. Bd2 Ncb4 11. Nxd5 Nxd3+ 12. cxd3 Qxd5 13. O-O Bxb2 14. Rb1 Bg7 15. Bb4 Re8 16. Re1 e5 17. Rc1 b6 18. Rc7 Bb7 19. f3 Rac8 20. Qc2 Rxc7 21. Qxc7 Qc6 22. Qxc6 Bxc6 23. Bd6 Bb5 24. d4 exd4 25. Rxe8+ Bxe8 26. Kf2 f5 27. f4 Kf7 28. Bb8 a5 29. Ba7 a4 30. Nc1 b5 31. Ke2 b4 32. Kd3 Bb5+ 33. Kc2 Ke6 34. Bc5 b3+ 35. axb3 axb3+ 36. Kxb3 Kd5 37. Kb4 Bf1 38. g3 Ke4 39. Nb3 Be2 40. Nd2+ Kd3 41. Nc4 Kc2 42. Na3+ Kc1 43. Nc4 Bxc4 44. Kxc4 Kd2 45. Bxd4 Bxd4 46. Kxd4 Ke2 47. Ke5 Kf2 48. Kf6 Kg2 49. h4 Kxg3 50. Kg5 Kf3 51. h5 gxh5 52. Kxf5 h4 53. Kg5 h3 54. f5 h2 55. f6 h1=Q 56. f7 Qc1+ 57. Kf6 Qf4+ 58. Kg7 h5 0-1

[Event "4NCL Online Division 3"]
[Site "online"]
[Date "2022.01.25"]
[EventDate "2022.01.25"]
[Round "1.54"]
[White "Williamson, Ben"]
[WhiteElo "1300"]
[WhiteTeam "Ashton"]
[Black "Spargo, Philip J"]
[BlackElo "1454"]
[BlackTeam "Cornish Pirates"]
[Result "1-0"]
[PlyCount "77"]

1. e4 e5 2. Nf3 d6 3. d4 exd4 4. Nxd4 Nf6 5. Nc3 Be7 6. Be3 Bd7 7. Bc4 O-O 8. f3 Nc6 9. Qd2 a6 10. O-O-O b5 11. Bd5 Nxd5 12. Nxd5 Ne5 13. b3 Nc6 14. g4 Nxd4 15. Bxd4 Be6 16. Nxe7+ Qxe7 17. h4 c5 18. Bb2 Rfd8 19. h5 h6 20. Rhg1 f6 21. f4 d5 22. e5 d4 23. exf6 Qxf6 24. g5 hxg5 25. fxg5 Qf5 26. Rdf1 Qh3 27. Rh1 Rf8 28. Re1 Qf3 29. h6 g6 30. h7+ Kh8 31. Bxd4+ cxd4 32. Qxd4+ Rf6 33. gxf6 Bf7 34. Qe4 Qxe4 35. Rxe4 Rf8 36. Re7 g5 37. Ra7 Bg6 38. Rxa6 Rf7 39. Rh6 1-0

[Event "4NCL Online Division 3"]
[Site "online"]
[Date "2022.01.25"]
[EventDate "2022.01.25"]
[Round "1.61"]
[White "Rudd, David R"]
[WhiteElo "1695"]
[WhiteTeam "Hertford 2"]
[Black "Herrera, Diego"]
[BlackElo "1832"]
[BlackTeam "Stretford and Urmston"]
[Result "0-1"]
[PlyCount "112"]

1. b4 Nf6 2. Bb2 g6 3. b5 Bg7 4. e3 c5 5. c4 b6 6. Nf3 Bb7 7. Be2 O-O 8. O-O d6 9. d4 e6 10. Nbd2 a6 11. a4 a5 12. dxc5 dxc5 13. Qc2 Qe7 14. Ne5 Nbd7 15. Nxd7 Qxd7 16. Bf3 Rad8 17. Bxb7 Qxb7 18. Nf3 Rd6 19. Rfd1 Rfd8 20. Rxd6 Rxd6 21. Ne5 Ne4 22. Nf3 f5 23. Bxg7 Qxg7 24. Rc1 g5 25. h3 h5 26. Rf1 g4 27. hxg4 hxg4 28. Ne1 Nd2 29. Nd3 Nxf1 30. Kxf1 Qa1+ 31. Ke2 Kf8 32. Nf4 Qg1 33. g3 Qh1 34. Ng6+ Ke8 35. Ne5 Qa1 36. Nd3 Ke7 37. Qb2 Qxb2+ 38. Nxb2 Kf6 39. Nd3 Rd7 40. Nf4 Rh7 41. Kd2 Rh1 42. Nd3 Ra1 43. Nb2 e5 44. Kc3 Rf1 45. Nd3 e4 46. Nf4 Rxf2 47. Nd5+ Kg5 48. Nxb6 Rf3 49. Kd2 Rxg3 50. Nd5 Rh3 51. b6 Rh7 52. Ke2 Rb7 53. Kf2 Kg6 54. Kg3 Kf7 55. Kf4 Ke6 56. Nc7+ Rxc7 0-1

[Event "4NCL Online Division 3"]
[Site "online"]
[Date "2022.01.25"]
[EventDate "2022.01.25"]
[Round "1.62"]
[White "Whalley, Mark E"]
[WhiteElo "1724"]
[WhiteTeam "Stretford and Urmston"]
[Black "Wooster, Nick"]
[BlackElo "1637"]
[BlackTeam "Hertford 2"]
[Result "1/2-1/2"]
[PlyCount "110"]

1. d4 Nf6 2. Nf3 d5 3. g3 c6 4. Bg2 e6 5. O-O Be7 6. c4 dxc4 7. Qc2 Nbd7 8. e4 h6 9. Nbd2 Nb6 10. Rd1 O-O 11. a4 a5 12. Nf1 Qe8 13. Ne5 Bd7 14. Nxc4 Nxc4 15. Qxc4 b5 16. axb5 cxb5 17. Qe2 b4 18. Ne3 Bb5 19. Qd2 Qc8 20. b3 Rd8 21. Bb2 a4 22. bxa4 Rxa4 23. Rxa4 Bxa4 24. Ra1 Qd7 25. Nc4 Bb5 26. Ne5 Qc7 27. Rc1 Qb6 28. Nc4 Qb8 29. Ne5 Qb6 30. Qc2 Be8 31. Qc7 Qxc7 32. Rxc7 Kf8 33. Nc6 Bxc6 34. Rxc6 Rb8 35. h3 Nd7 36. f4 Nb6 37. d5 exd5 38. exd5 Na4 39. Be5 Rd8 40. d6 Bf6 41. Ra6 Nc5 42. Rb6 b3 43. Bxf6 gxf6 44. Bd5 Rd7 45. Bxb3 Nxb3 46. Rxb3 Rxd6 47. Kf2 Rc6 48. Kf3 Re6 49. Kg4 Kg7 50. Kh5 Rd6 51. Re3 Re6 52. Rb3 Rd6 53. f5 Rd5 54. g4 Re5 55. Rc3 Rd5 1/2-1/2

[Event "4NCL Online Division 3"]
[Site "online"]
[Date "2022.01.25"]
[EventDate "2022.01.25"]
[Round "1.63"]
[White "Marshall, Duncan"]
[WhiteElo "1617"]
[WhiteTeam "Hertford 2"]
[Black "Logan, Vincent"]
[BlackElo "1389"]
[BlackTeam "Stretford and Urmston"]
[Result "1-0"]
[PlyCount "133"]

1. d4 d5 2. e3 f6 3. f4 c5 4. c3 cxd4 5. exd4 Bf5 6. Nf3 Bg6 7. Nbd2 e6 8. Nh4 Bd6 9. Nxg6 hxg6 10. Nf3 Nd7 11. Qe2 Qe7 12. Qf2 e5 13. fxe5 fxe5 14. Bg5 Ngf6 15. dxe5 Nxe5 16. O-O-O Bc5 17. Bb5+ Kf8 18. Nd4 Ng4 19. Qf3 Qe4 20. h3 Qxf3 21. Nxf3 Nf2 22. Rhf1 Nxd1 23. Kxd1 a6 24. Bd3 Ke7 25. Ne5 Rhe8 26. Bxg6 Rf8 27. Re1 Kd6 28. Nf7+ Kc6 29. b4 Bf2 30. Re6+ Kd7 31. Rd6+ Ke7 32. Rxd5 Rxf7 33. Bxf7 Kxf7 34. Rf5 Re8 35. g4 Bg3 36. Rf3 Bc7 37. Be3 Kg8 38. Bd4 Nd5 39. Kd2 Rf8 40. Rxf8+ Kxf8 41. c4 Nf4 42. h4 g6 43. a4 Ng2 44. Bf2 Nf4 45. Ke3 Kf7 46. Ke4 Ke6 47. Bg3 Bd6 48. c5 Ne2 49. Bxd6 Nc3+ 50. Kf4 Nxa4 51. Kg5 Kf7 52. h5 gxh5 53. gxh5 Nc3 54. h6 Ne4+ 55. Kf5 Nf6 56. Be5 Nh7 57. Bg7 b5 58. cxb6 a5 59. bxa5 Ng5 60. Kxg5 Kg8 61. b7 Kh7 62. a6 Kg8 63. b8=Q+ Kf7 64. Qe5 Kg8 65. a7 Kh7 66. Qf5+ Kg8 67. a8=R# 1-0

[Event "4NCL Online Division 3"]
[Site "online"]
[Date "2022.01.25"]
[EventDate "2022.01.25"]
[Round "1.64"]
[White "Bellis, Dave"]
[WhiteElo "1398"]
[WhiteTeam "Stretford and Urmston"]
[Black "Hutton, Allan"]
[BlackElo "1548"]
[BlackTeam "Hertford 2"]
[Result "1/2-1/2"]
[PlyCount "71"]

1. d4 Nf6 2. e3 b6 3. Bd3 Bb7 4. f3 e6 5. Nd2 d5 6. f4 Be7 7. Ngf3 Nbd7 8. O-O Ne4 9. Qe1 f5 10. Qe2 O-O 11. Ba6 Qc8 12. Bxb7 Qxb7 13. Nxe4 dxe4 14. Ne5 Nxe5 15. fxe5 c5 16. c3 Rf7 17. Qc4 Qc6 18. Bd2 b5 19. Qe2 c4 20. b3 Rc8 21. b4 g6 22. Be1 Rcf8 23. Bd2 Rd8 24. a3 Rdf8 25. g3 Bg5 26. Rf2 h5 27. h4 Bh6 28. Raf1 Qd7 29. Rg2 Qe7 30. Bc1 Rd8 31. Bd2 Ra8 32. Ra1 Qe8 33. Kh2 Rg7 34. Rag1 Qe7 35. Qf2 Rf7 36. Qe2 1/2-1/2

[Event "4NCL Online Division 3"]
[Site "online"]
[Date "2022.01.25"]
[EventDate "2022.01.25"]
[Round "1.71"]
[White "Caceres de la Calle, Eduardo"]
[WhiteElo "1687"]
[WhiteTeam "Hackney Hungry"]
[Black "Zhou, Sansan"]
[BlackElo "1262"]
[BlackTeam "Kent KJCA Kestrels E"]
[Result "1-0"]
[PlyCount "62"]

1. c4 c5 2. Nc3 Nf6 3. g3 e5 4. Bg2 Nc6 5. e3 b6 6. Nge2 Bb7 7. O-O Na5 8. Bxb7 Nxb7 9. d4 e4 10. d5 Na5 11. b3 a6 12. Bb2 Rb8 13. Qc2 Qe7 14. d6 Qxd6 15. Nxe4 Nxe4 16. Qxe4+ Qe6 17. Qd3 b5 18. cxb5 axb5 19. Nf4 Qd6 20. Qxd6 Bxd6 21. Bxg7 Rg8 22. Nh5 Rb6 23. Nf6+ Ke7 24. Nxg8+ Ke8 25. Nf6+ Ke7 26. Ne4 c4 27. Bd4 Rc6 28. Nxd6 Rxd6 29. Bc5 Ke6 30. Bxd6 Kxd6 31. b4 Nc6 1-0

[Event "4NCL Online Division 3"]
[Site "online"]
[Date "2022.01.25"]
[EventDate "2022.01.25"]
[Round "1.72"]
[White "Srivastava, Anya"]
[WhiteElo "1225"]
[WhiteTeam "Kent KJCA Kestrels E"]
[Black "Frankl, Mischa"]
[BlackElo "1716"]
[BlackTeam "Hackney Hungry"]
[Result "0-1"]
[PlyCount "48"]

1. d4 Nf6 2. c4 g6 3. Nc3 d5 4. c5 Bg7 5. Nf3 O-O 6. Bg5 Nbd7 7. Bxf6 Nxf6 8. e3 c6 9. g3 Bf5 10. Bg2 Re8 11. O-O b6 12. b4 bxc5 13. bxc5 Nd7 14. h3 Nxc5 15. g4 Be6 16. Qd2 Ne4 17. Qc2 Nxc3 18. Qxc3 Qc7 19. Rfb1 Rec8 20. Rb3 Rab8 21. Rab1 Rxb3 22. Rxb3 c5 23. dxc5 Bxc3 24. Rxc3 Qa5 0-1

[Event "4NCL Online Division 3"]
[Site "online"]
[Date "2022.01.25"]
[EventDate "2022.01.25"]
[Round "1.73"]
[White "Burgoyne, Peter A"]
[WhiteElo "1665"]
[WhiteTeam "Hackney Hungry"]
[Black "Trifunovic, Maja A"]
[BlackElo "1128"]
[BlackTeam "Kent KJCA Kestrels E"]
[Result "1/2-1/2"]
[PlyCount "133"]

1. e4 e5 2. Nf3 Nc6 3. d4 exd4 4. Bc4 Bc5 5. c3 d3 6. Qxd3 Nf6 7. e5 Ng4 8. O-O O-O 9. Bf4 d6 10. Ng5 g6 11. e6 Nce5 12. exf7+ Kh8 13. Qh3 h5 14. Bxe5+ Nxe5 15. Ne6 Nxc4 16. b4 Bb6 17. Nxf8 Bxh3 18. Nxg6+ Kg7 19. f8=Q+ Qxf8 20. Nxf8 Rxf8 21. gxh3 Re8 22. a4 a6 23. Na3 Nd2 24. Kg2 Nxf1 25. Kxf1 Rf8 26. Ra2 Rf3 27. Rc2 Rxh3 28. Kg2 Rd3 29. Nc4 Ba7 30. Na5 h4 31. h3 Kf6 32. Nxb7 Ke5 33. Na5 Kf4 34. Nc6 Bb6 35. a5 Bxa5 36. Nxa5 Rf3 37. Nc6 Rd3 38. Nd4 Ke4 39. Ne6 c6 40. Nc7 Rd1 41. Nxa6 Kd3 42. Ra2 Kxc3 43. Ra3+ Kc4 44. Rf3 Rd4 45. Nb8 Kb5 46. Rf6 c5 47. bxc5 dxc5 48. Nc6 Rd3 49. Ne5 Rd5 50. f4 c4 51. Rf8 c3 52. Rc8 Rc5 53. Rxc5+ Kxc5 54. Nd3+ Kd4 55. Nc1 Ke4 56. f5 Kxf5 57. Kf3 Kg5 58. Ke4 c2 59. Ne2 Kf6 60. Kf4 Kg6 61. Kg4 Kf6 62. Kxh4 Kg6 63. Kg4 Kh6 64. Kf4 Kh5 65. Ke3 Kh4 66. Kd2 Kxh3 67. Kxc2 1/2-1/2

[Event "4NCL Online Division 3"]
[Site "online"]
[Date "2022.01.25"]
[EventDate "2022.01.25"]
[Round "1.74"]
[White "Watson, Scarlet"]
[WhiteElo "1102"]
[WhiteTeam "Kent KJCA Kestrels E"]
[Black "Landman, Aharon"]
[BlackElo "1650"]
[BlackTeam "Hackney Hungry"]
[Result "0-1"]
[PlyCount "20"]

1. e4 e5 2. Nc3 Nf6 3. Bc4 Nxe4 4. Nxe4 d5 5. Nd6+ Qxd6 6. Bb5+ c6 7. Be2 Qf6 8. Nf3 e4 9. Ng1 Bc5 10. f3 Qd4 0-1

[Event "4NCL Online Division 3"]
[Site "online"]
[Date "2022.01.25"]
[EventDate "2022.01.25"]
[Round "1.81"]
[White "Coathup, Roger H"]
[WhiteElo "2190"]
[WhiteTeam "Morpeth"]
[Black "Phillips, William"]
[BlackElo "1845"]
[BlackTeam "Harrow 3"]
[Result "1-0"]
[PlyCount "109"]

1. d4 Nf6 2. c4 e6 3. Nc3 d5 4. cxd5 exd5 5. Bg5 Be7 6. e3 O-O 7. Bd3 Nbd7 8. Nge2 h6 9. Bf4 c6 10. Qc2 Ne8 11. O-O Ndf6 12. f3 Nh5 13. Be5 Nd6 14. Ng3 Nxg3 15. Bxg3 Bg5 16. Rae1 Re8 17. e4 Be6 18. e5 Nc4 19. f4 Bh4 20. f5 Bxg3 21. hxg3 Qb6 22. fxe6 Qxd4+ 23. Kh1 Rxe6 24. Bxc4 dxc4 25. Qf5 Rf8 26. Rf4 Qd2 27. Re2 Qd3 28. g4 Rg6 29. Rf3 Qxf5 30. gxf5 Rg4 31. e6 fxe6 32. fxe6 Re8 33. Rf7 Rxe6 34. Rxb7 Rxe2 35. Nxe2 a5 36. Nc3 Rd4 37. Ra7 Rd2 38. Rxa5 Rxb2 39. Rc5 Rb6 40. Rxc4 Kf7 41. Kg1 Ke6 42. Kf2 g5 43. g4 Kf6 44. Ke3 Kg6 45. Kd4 h5 46. Kc5 Ra6 47. gxh5+ Kxh5 48. a4 g4 49. Ne4 Kh4 50. Nf2 Kg3 51. Nxg4 Kf3 52. Ne5+ Ke3 53. Nxc6 Ra8 54. a5 Kd3 55. Kb5 1-0

[Event "4NCL Online Division 3"]
[Site "online"]
[Date "2022.01.25"]
[EventDate "2022.01.25"]
[Round "1.82"]
[White "Nettleton, Robin"]
[WhiteElo "1457"]
[WhiteTeam "Harrow 3"]
[Black "Smyth, C Mike"]
[BlackElo "2027"]
[BlackTeam "Morpeth"]
[Result "0-1"]
[PlyCount "86"]

1. d4 Nf6 2. c3 d5 3. Bg5 g6 4. Bxf6 exf6 5. Nf3 Bg7 6. Qc2 O-O 7. Nbd2 Nc6 8. e3 Bf5 9. Bd3 Bxd3 10. Qxd3 f5 11. O-O-O a6 12. h4 b5 13. Nb3 b4 14. Nc5 bxc3 15. Qxc3 h5 16. Nb7 Qf6 17. Qc5 Rfb8 18. Na5 Nxa5 19. Qxa5 c5 20. Qxc5 Rc8 21. Qxc8+ Rxc8+ 22. Kb1 Qb6 23. Rd3 Bf8 24. Rb3 Qe6 25. Ng5 Qd7 26. Rd1 f4 27. Rdd3 fxe3 28. fxe3 Qg4 29. a3 Qxh4 30. Nf3 Qh1+ 31. Ka2 Qxg2 32. Ne5 Bd6 33. Nd7 h4 34. Rb7 h3 35. Nf6+ Kg7 36. Nd7 h2 37. Nb6 Rc2 38. Na4 h1=Q 39. Nc3 Qc1 40. Na4 Rc4 41. Nc3 Qgc2 42. Rb3 Qxd3 43. Nxd5 Qdb1# 0-1

[Event "4NCL Online Division 3"]
[Site "online"]
[Date "2022.01.25"]
[EventDate "2022.01.25"]
[Round "1.83"]
[White "Turner, James"]
[WhiteElo "1953"]
[WhiteTeam "Morpeth"]
[Black "Dilukshan, Manoharan"]
[BlackElo "1470"]
[BlackTeam "Harrow 3"]
[Result "1-0"]
[PlyCount "71"]

1. e4 e5 2. Nf3 Nc6 3. Nc3 Bb4 4. Nd5 Ba5 5. c3 d6 6. d4 Nf6 7. Bg5 h6 8. Nxf6+ gxf6 9. Bh4 exd4 10. Nxd4 Nxd4 11. Qxd4 O-O 12. Qxf6 Qxf6 13. Bxf6 Bg4 14. f3 Bh5 15. h4 Bg6 16. h5 Bh7 17. Rh4 c5 18. Rg4+ Bg6 19. hxg6 fxg6 20. Rxg6+ Kh7 21. Rg7+ Kh8 22. Rf7+ Kg8 23. Rxf8+ Rxf8 24. Bc4+ Kh7 25. Be7 Rc8 26. Bxd6 Bd8 27. Be6 Rc6 28. Rd1 Bh4+ 29. Ke2 b5 30. Bd7 Rb6 31. Bxc5 Ra6 32. Bxb5 Rxa2 33. Rd7+ Kg6 34. Rd6+ Kh5 35. g4+ Kg5 36. Be3# 1-0

[Event "4NCL Online Division 3"]
[Site "online"]
[Date "2022.01.25"]
[EventDate "2022.01.25"]
[Round "1.84"]
[White "Walker, David J R"]
[WhiteElo "1223"]
[WhiteTeam "Harrow 3"]
[Black "Eastlake, Phil"]
[BlackElo "1898"]
[BlackTeam "Morpeth"]
[Result "0-1"]
[PlyCount "40"]

1. d4 d5 2. c4 e5 3. e3 dxc4 4. Bxc4 exd4 5. exd4 Nf6 6. Bg5 Nc6 7. Bb5 Bb4+ 8. Nc3 O-O 9. Nf3 Re8+ 10. Be2 h6 11. Bh4 Bg4 12. O-O g5 13. Bxg5 hxg5 14. Nxg5 Bxe2 15. Nxe2 Qd5 16. h4 Rad8 17. Nf3 Qe4 18. Ng3 Qg4 19. Qb3 Nxd4 20. Qxb4 Nxf3+ 0-1

[Event "4NCL Online Division 3"]
[Site "online"]
[Date "2022.01.25"]
[EventDate "2022.01.25"]
[Round "1.91"]
[White "Ye, Tim"]
[WhiteElo "1364"]
[WhiteTeam "Manchester Juniors B"]
[Black "Knight, Daniel"]
[BlackElo "1728"]
[BlackTeam "Uxbridge B"]
[Result "1/2-1/2"]
[PlyCount "101"]

1. e4 e5 2. Nf3 Nc6 3. Bc4 h6 4. d3 Bc5 5. c3 a6 6. Nbd2 d6 7. Nf1 Nf6 8. Ng3 Ba7 9. h3 Na5 10. Bb3 Nxb3 11. Qxb3 b5 12. O-O Be6 13. Qd1 O-O 14. Re1 Qd7 15. Be3 Bxe3 16. Rxe3 Nh7 17. d4 exd4 18. cxd4 f6 19. e5 fxe5 20. dxe5 dxe5 21. Rxe5 Qxd1+ 22. Rxd1 Bxa2 23. Re7 Rf7 24. Rdd7 Rxe7 25. Rxe7 c6 26. Rc7 Bd5 27. Nd4 Nf6 28. Nxc6 Bxc6 29. Rxc6 Ra7 30. Rb6 Kf7 31. Nf5 Nd5 32. Rb8 Ke6 33. Nd4+ Kd6 34. Rd8+ Kc5 35. Ne6+ Kc4 36. Rg8 Nf6 37. Rxg7 Rxg7 38. Nxg7 Kb3 39. Ne6 Kxb2 40. Nc7 b4 41. Nxa6 b3 42. Nc5 Kc3 43. Nxb3 Kxb3 44. Kh2 Kc4 45. Kg3 Kd5 46. Kf4 Ke6 47. f3 Nd5+ 48. Kg4 Nf6+ 49. Kf4 Nd5+ 50. Kg4 Nf6+ 51. Kf4 1/2-1/2

[Event "4NCL Online Division 3"]
[Site "online"]
[Date "2022.01.25"]
[EventDate "2022.01.25"]
[Round "1.92"]
[White "Foale, Ron"]
[WhiteElo "1665"]
[WhiteTeam "Uxbridge B"]
[Black "Burke, Alexander"]
[BlackElo "1249"]
[BlackTeam "Manchester Juniors B"]
[Result "1-0"]
[PlyCount "145"]

1. e4 e5 2. Nf3 Nc6 3. d4 d5 4. dxe5 Bg4 5. Be2 dxe4 6. Ng5 Qxd1+ 7. Bxd1 Bxd1 8. Kxd1 Nxe5 9. Nxe4 O-O-O+ 10. Ke2 Be7 11. Nbc3 f5 12. Ng5 Bxg5 13. Bxg5 Re8 14. g3 Nf7+ 15. Be3 g5 16. Kf1 Ngh6 17. Kg2 Ng4 18. Bd4 Rhg8 19. Rae1 a6 20. h3 Nge5 21. b3 g4 22. hxg4 Nxg4 23. Rxe8+ Rxe8 24. Rxh7 Ngh6 25. Be3 Ng4 26. Bf4 Nd6 27. Kf1 Nf6 28. Rh6 Rf8 29. f3 Kd7 30. Kf2 Nde4+ 31. Nxe4 fxe4 32. Rg6 Nh5 33. Rg4 Nf6 34. Rg7+ Ke6 35. fxe4 Nxe4+ 36. Ke3 Nd6 37. Rg6+ Kd7 38. Rg5 Re8+ 39. Kd3 Nf5 40. Rxf5 Re7 41. Rc5 c6 42. Re5 Rf7 43. Re4 Rf5 44. Rb4 b5 45. Rd4+ Kc8 46. Rd6 Kb7 47. Rd7+ Kb6 48. b4 a5 49. Be3+ c5 50. bxc5+ Kc6 51. Rd6+ Kb7 52. Rb6+ Kc7 53. Rxb5 Rd5+ 54. Bd4 Kc6 55. Rxa5 Rg5 56. Kc4 Rxg3 57. Ra6+ Kb7 58. Rb6+ Kc7 59. c3 Rg2 60. a4 Ra2 61. Rb4 Ra3 62. Be5+ Kd7 63. Kd5 Ra2 64. c6+ Ke7 65. c7 Kd7 66. Rb8 Rd2+ 67. Kc4 Ra2 68. c8=Q+ Ke7 69. Kb3 Ra1 70. Qc5+ Ke6 71. Qd6+ Kf5 72. Rf8+ Ke4 73. Qd4# 1-0

[Event "4NCL Online Division 3"]
[Site "online"]
[Date "2022.01.25"]
[EventDate "2022.01.25"]
[Round "1.93"]
[White "Eccleston, Rowan"]
[WhiteElo "1233"]
[WhiteTeam "Manchester Juniors B"]
[Black "Foster, Brian E"]
[BlackElo "1627"]
[BlackTeam "Uxbridge B"]
[Result "0-1"]
[PlyCount "132"]

1. f3 d5 2. f4 c6 3. Nf3 e6 4. e3 Bc5 5. b3 Nf6 6. Bb2 Nbd7 7. d4 Bb4+ 8. Nbd2 Ne4 9. Bd3 Ndf6 10. h3 Qa5 11. a3 Bc3 12. b4 Qd8 13. Qc1 Bxb2 14. Qxb2 Nxd2 15. Kxd2 Nh5 16. g4 Ng3 17. Rhg1 Ne4+ 18. Bxe4 dxe4 19. Ng5 Qd5 20. h4 h6 21. Nh3 Rg8 22. g5 h5 23. Raf1 g6 24. Qb3 Qf5 25. Rg3 b6 26. c4 Bb7 27. c5 b5 28. Ra1 Rd8 29. a4 a6 30. axb5 cxb5 31. Qc3 Qd5 32. Ng1 Rd7 33. Ne2 Qc4 34. Qxc4 bxc4 35. Rc1 Bd5 36. Nc3 Ke7 37. Na4 Rb8 38. Nb6 Rc7 39. Ra1 Rcb7 40. Rxa6 Bc6 41. Kc3 Bb5 42. Ra5 Bc6 43. Kxc4 Bd5+ 44. Kc3 Rc7 45. Rg1 Rxb6 46. Rga1 Rbb7 47. R1a3 Kd7 48. b5 Rb8 49. Kb4 Rcb7 50. Rc3 Bc6 51. b6 Ke7 52. Rca3 f6 53. Ra7 fxg5 54. fxg5 Kd7 55. Rxb7+ Bxb7 56. Ra7 Kc6 57. Ka5 Rf8 58. Kb4 Rf7 59. Kc3 Rf5 60. Ra1 Rf3 61. Kd2 Rg3 62. Rf1 Rf3 63. Rxf3 exf3 64. Ke1 Kd5 65. Kf2 Ke4 66. Kg3 Kxe3 0-1

[Event "4NCL Online Division 3"]
[Site "online"]
[Date "2022.01.25"]
[EventDate "2022.01.25"]
[Round "1.94"]
[White "Gauri, Dhairye"]
[WhiteElo "1609"]
[WhiteTeam "Uxbridge B"]
[Black "Benhamida, Jude"]
[BlackElo "1199"]
[BlackTeam "Manchester Juniors B"]
[Result "0-1"]
[PlyCount "67"]

1. e4 e5 2. Nf3 Nc6 3. Bc4 Bc5 4. Nc3 d6 5. h3 Nf6 6. O-O O-O 7. d3 Nd4 8. Bg5 c6 9. Na4 Bb6 10. c3 Ne6 11. Bh4 a6 12. Nxb6 Qxb6 13. Bxf6 gxf6 14. Bb3 Kh8 15. d4 Rg8 16. d5 cxd5 17. exd5 Nf4 18. Nh4 Nxh3+ 19. Kh2 Nxf2 20. Qf3 Ng4+ 21. Kh1 Bd7 22. Nf5 Rg5 23. Ng3 Rg6 24. Nh5 Rh6 25. Qh3 Nf2+ 26. Rxf2 Bxh3 27. Rxf6 Rxf6 28. Nxf6 Bf5 29. Rf1 Bd3 30. Rd1 Qe3 31. Ng4 Qg3 32. Nh2 Rg8 33. Rg1 Be4 34. Nf3 0-1

[Event "4NCL Online Division 3"]
[Site "online"]
[Date "2022.01.25"]
[EventDate "2022.01.25"]
[Round "1.101"]
[White "Dobbie, Graham"]
[WhiteElo "1823"]
[WhiteTeam "East Kilbride Strollers"]
[Black "Robins, Andrew"]
[BlackElo "1736"]
[BlackTeam "Ashfield Anonymous D"]
[Result "1-0"]
[PlyCount "51"]

1. c4 g6 2. Nc3 Bg7 3. g3 c5 4. Bg2 Nc6 5. e4 a6 6. Nge2 e6 7. O-O d6 8. d3 Nge7 9. a3 O-O 10. Rb1 Rb8 11. b4 cxb4 12. axb4 b5 13. cxb5 axb5 14. Be3 Bd7 15. Qd2 Ne5 16. h3 Bc6 17. Nd4 Qc8 18. Rfc1 Qb7 19. f4 Nd7 20. Nxc6 Nxc6 21. d4 Rfc8 22. d5 exd5 23. Nxd5 Ra8 24. e5 Re8 25. Rxc6 Qb8 26. Rxd6 1-0